Valorizácia prostredia a jej vplyv na tvorbu a kvalitu produktu v cestovnom ruchu

Stručná metodika vyhodnocovania a valorizácie prostredia pre potreby tvorby produktu v cestovnom ruchu. Aplikovanie metodiky na vybranom území s pomerne nízkym potenciálom. Podrobná a presná databáza s patričným grafickým systémom aj v takomto prostredí umožní vytvoriť produkt v cestovnom ruchu, kto...

Descrizione completa

Salvato in:
Dettagli Bibliografici
Autore principale: Plesník, Pavol, 1956-
Natura: Capitolo di libro
Lingua:slovacco
Soggetti:
Tags: Aggiungi Tag
Nessun Tag, puoi essere il primo ad aggiungerne!!

MARC

LEADER 00000naa$a2200000$$$4500
001 0045860
005 20240502071530.7
041 0 |a slo 
044 |a SK 
245 1 0 |a Valorizácia prostredia a jej vplyv na tvorbu a kvalitu produktu v cestovnom ruchu  |c Pavol Plesník 
520 |a Stručná metodika vyhodnocovania a valorizácie prostredia pre potreby tvorby produktu v cestovnom ruchu. Aplikovanie metodiky na vybranom území s pomerne nízkym potenciálom. Podrobná a presná databáza s patričným grafickým systémom aj v takomto prostredí umožní vytvoriť produkt v cestovnom ruchu, ktorý by mohol osloviť niektoré segmenty klientely. 
610 2 0 |a ruch cestovný 
610 2 0 |a valorizácia 
610 2 0 |a prostredie krajinné 
610 2 0 |a komunikácia 
100 1 |a Plesník, Pavol, 1956-